000 01001nam a22003257a 4500
001 0059019
003 KOHA_MİRAKIL
005 20260207004215.0
007 ta
008 160728b2020 tu |||gr||||#0|||0|tur |
020 _a9786052314388
040 _aTR-BiSEU
_btur
_cTR-BiSEU
_erda
041 0 _atur
044 _ctu
050 _aHE9780
_b.U53 2020
100 1 _aUncular, Muhittin Hasan.
245 1 _aSadakat nereye kadar/
_cMuhittin Hasan Uncular ; Muhittin Hasan Uncular.
264 1 _aİstanbul :
_bMaltepe Üniversitesi Yayınları
_c2020
300 _a220 sayfa; 20 cm.
336 _ametin
_btxt
_2rdacontent
337 _aaracısız
_bn
_2rdamedia
338 _acilt
_bnc
_2rdacarrier
490 1 _aMaltepe Üniversitesi yayınları ;
_v19
500 _aKaynakça var.
650 0 _aHavayolları--Yönetim.
_991386
650 0 _aAirlines--Management.
_991389
830 1 _aMaltepe Üniversitesi yayınları ;
_v19
_953320
907 _aSosyal Bilimler
942 _2lcc
_cBK
999 _c58823
_d58823